000 01282cam a22004094a 4500
001 muse78491
003 MdBmJHUP
005 20210127151407.0
006 m o d
007 cr||||||||nn|n
008 690623s1969 mdu o 00 0 eng d
010 _z 69019468
020 _a9781421435237
020 _z0801810345
020 _z9781421435220
035 _a(OCoLC)1123155733
040 _aMdBmJHUP
_cMdBmJHUP
050 0 4 _aDR205
_b.F52 1969
082 0 _a949.8/03/3
100 1 _aFischer-Galați, Stephen.
245 1 4 _aThe Socialist Republic of Rumania
264 1 _bJohns Hopkins Press
264 3 _bProject MUSE,
300 _a1 online resource (xi, 113 p.) :
_bmap.
504 _aBibliography: p. 113.
506 0 _aOpen Access
_fUnrestricted online access
_2star
588 _aDescription based on print version record.
651 0 _aRomania.
655 7 _aElectronic books.
_2local
710 2 _aProject Muse.
_edistributor
830 0 _aBook collections on Project MUSE.
856 4 0 _zFull text available:
_uhttps://muse.jhu.edu/book/68466/
999 _c25627
_d25627